[Event "Steyr Landesliga 1415"]
[Site "Austria"]
[Date "2015.01.24"]
[Round "6.7"]
[White "Missethan, Michael"]
[Black "Rattinger, Thomas"]
[Result "1-0"]
[WhiteElo "2000"]
[BlackElo "1999"]
[PlyCount "129"]
[EventDate "2014.09.27"]
[EventType "team-tourn"]
[EventRounds "11"]
[EventCountry "AUT"]
[SourceTitle "EXT 2016"]
[Source "ChessBase"]
[SourceDate "2015.10.08"]
[SourceVersion "1"]
[SourceVersionDate "2015.10.08"]
[SourceQuality "1"]
[WhiteTeam "Gleisdorf"]
[BlackTeam "Horn Ratten Krieglach"]
[WhiteTeamCountry "AUT"]
[BlackTeamCountry "AUT"]

1. e4 c5 2. Nf3 Nc6 3. Bb5 d5 4. exd5 Qxd5 5. 0-0 Bg4 6. Nc3 Qh5 7. Ne4 Bxf3 8. Qxf3 Qxf3 9. gxf3 e6 10. Bxc6+ bxc6 11. d3 Nf6 12. Be3 Nxe4 13. fxe4 Be7 14. f4 f5 15. Rae1 Kf7 16. Bd2 Bf6 17. e5 Be7 18. Kg2 g5 19. Rg1 h6 20. Kf3 Rag8 21. Be3 Rg7 22. Rg2 Rhg8 23. Reg1 gxf4 24. Rxg7+ Rxg7 25. Rxg7+ Kxg7 26. Bxf4 Bg5 27. Bg3 Bc1 28. b3 Bb2 29. Kf4 Bd4 30. a4 Kg6 31. Be1 Bg1 32. Bg3 Kf7 33. c3 Ke8 34. Kf3 Kd7 35. Bf4 c4 36. dxc4 h5 37. Kg3 Ke8 38. Kh4 Bf2+ 39. Kxh5 Be1 40. Kg6 Kd7 41. Kg5 Ke7 42. h4 Kf7 43. b4 a6 44. b5 axb5 45. cxb5 cxb5 46. axb5 Bxc3 47. h5 Ba5 48. Kh4 Bc7 49. Kg3 Kg7 50. Kf3 Kf7 51. Ke3 Bb6+ 52. Kd3 Bc7 53. Kc3 Kg7 54. Kd3 Kf7 55. Ke2 Kg7 56. Kf3 Kh7 57. Kg3 Kg7 58. Kh4 Kh7 59. Kg3 Kg7 60. Kf3 Kh7 61. Bg3 Kh6 62. Kf4 Kxh5 63. Bf2 Kg6 64. b6 Bb8 65. Bc5 1-0

[Event "AUT-chT2M 1415"]
[Site "Austria"]
[Date "2014.11.16"]
[Round "5.5"]
[White "Missethan, Michael"]
[Black "Tomazini, Aljosa"]
[Result "0-1"]
[WhiteElo "2097"]
[BlackElo "2307"]
[PlyCount "116"]
[EventDate "2014.10.03"]
[EventType "team-tourn"]
[EventRounds "11"]
[EventCountry "AUT"]
[SourceTitle "CBM 163 Extra"]
[Source "ChessBase"]
[SourceDate "2014.12.23"]
[SourceVersion "1"]
[SourceVersionDate "2014.12.23"]
[SourceQuality "1"]
[WhiteTeam "Gleisdorf"]
[BlackTeam "Maria Saal II"]
[WhiteTeamCountry "AUT"]
[BlackTeamCountry "AUT"]

1. e4 e5 2. Nf3 Nc6 3. Nc3 Nf6 4. d4 exd4 5. Nxd4 Bb4 6. Nxc6 bxc6 7. Bd3 d6 8. 0-0 Ng4 9. h3 Ne5 10. Bf4 Qf6 11. Bxe5 Qxe5 12. Qd2 0-0 13. a3 Bxc3 14. Qxc3 Qxc3 15. bxc3 Be6 16. Rab1 Rab8 17. c4 Rb6 18. Rb3 c5 19. Rfb1 Bd7 20. Kf1 Ba4 21. R3b2 Re8 22. f3 g5 23. Kf2 Kg7 24. c3 Reb8 25. Rxb6 axb6 26. Ke3 Ra8 27. Kd2 h5 28. Be2 Kf6 29. Bd3 Ke5 30. Ke3 h4 31. Rb2 Bd7 32. Ra2 Be6 33. Ra1 Ra4 34. Bc2 Ra8 35. Bd3 Ra5 36. a4 Ra8 37. Be2 Bd7 38. Bd1 Ra5 39. Bc2 Be6 40. Bd3 Ra8 41. Be2 Re8 42. Bd3 f5 43. a5 fxe4 44. fxe4 bxa5 45. Rxa5 Rb8 46. Ra3 Rb2 47. Be2 Rc2 48. Kd3 Rb2 49. Ke3 Rb1 50. Bd3 Rc1 51. Be2 Rg1 52. Kf2 Rb1 53. Ke3 Rb2 54. Kf3 g4+ 55. hxg4 Bxg4+ 56. Kxg4 Rxe2 57. Kxh4 Rxg2 58. Ra8 Kxe4 0-1

[Event "Graz Land-ch"]
[Site "Graz"]
[Date "2014.09.10"]
[Round "3"]
[White "Missethan, Michael"]
[Black "Pretterhofer, Kiaras"]
[Result "1-0"]
[WhiteElo "2000"]
[BlackElo "1960"]
[PlyCount "113"]
[EventDate "2014.09.08"]
[EventType "swiss"]
[EventRounds "7"]
[EventCountry "AUT"]
[SourceTitle "CBM 162 Extra"]
[Source "ChessBase"]
[SourceDate "2014.10.17"]
[SourceVersion "1"]
[SourceVersionDate "2014.10.17"]
[SourceQuality "1"]

1. e4 c5 2. Nf3 d6 3. Bb5+ Bd7 4. Bxd7+ Nxd7 5. d4 cxd4 6. Qxd4 Ngf6 7. Nc3 g6 8. 0-0 Bg7 9. Be3 0-0 10. Qd2 Rc8 11. Bh6 Nc5 12. Bxg7 Kxg7 13. Rfe1 Ne6 14. Nd5 Rc4 15. Nxf6 exf6 16. b3 Rc5 17. c4 Qc7 18. Rad1 Rd8 19. Nd4 Nxd4 20. Qxd4 Qa5 21. Qd2 Qa3 22. Re3 a5 23. Rh3 h5 24. Rf3 Re5 25. Re3 Qc5 26. Qd4 Qxd4 27. Rxd4 f5 28. exf5 Rxf5 29. Kf1 Kf6 30. Red3 Ke7 31. Re3+ Re5 32. Ke2 Rxe3+ 33. Kxe3 Rc8 34. Rd5 Rc5 35. Kd4 Rxd5+ 36. Kxd5 Kd7 37. c5 dxc5 38. Kxc5 Kc7 39. h4 f6 40. Kd5 Kd7 41. a3 b6 42. a4 g5 43. hxg5 fxg5 44. Ke5 Kc6 45. Kf5 g4 46. Kg5 Kc5 47. Kxh5 Kb4 48. Kxg4 Kxb3 49. f4 Kxa4 50. f5 Kb3 51. f6 a4 52. f7 a3 53. f8Q a2 54. Qf7+ Kb2 55. Qf6+ Ka3 56. Qxb6 a1Q 57. Qa5+ 1-0

[Event "Steyr Landesliga 1314"]
[Site "Austria"]
[Date "2014.03.01"]
[Round "8.5"]
[White "Laschet, Ewald"]
[Black "Missethan, Michael"]
[Result "1/2-1/2"]
[WhiteElo "2146"]
[BlackElo "1971"]
[PlyCount "64"]
[EventDate "2013.09.28"]
[EventType "team-tourn"]
[EventRounds "11"]
[EventCountry "AUT"]
[SourceTitle "EXT 2015"]
[Source "ChessBase"]
[SourceDate "2014.11.20"]
[SourceVersion "1"]
[SourceVersionDate "2014.11.20"]
[SourceQuality "1"]
[WhiteTeam "Hartberg"]
[BlackTeam "Gleisdorf"]
[WhiteTeamCountry "AUT"]
[BlackTeamCountry "AUT"]

1. d4 d5 2. c4 e6 3. Nc3 Nf6 4. Bg5 Be7 5. e3 h6 6. Bh4 0-0 7. Nf3 Ne4 8. Bxe7 Qxe7 9. Qc2 Nxc3 10. Qxc3 dxc4 11. Bxc4 b6 12. 0-0 Bb7 13. Be2 c5 14. dxc5 Rc8 15. b4 bxc5 16. b5 a6 17. a4 axb5 18. axb5 Nd7 19. Nd2 Nf6 20. Qb2 Nd5 21. Nc4 Qc7 22. Rfd1 Rd8 23. b6 Qb8 24. Na5 Rd6 25. Nc4 Rd8 26. Rxa8 Bxa8 27. Bf3 Bb7 28. Qa3 Nxb6 29. Rxd8+ Qxd8 30. Qxc5 Bxf3 31. gxf3 Nxc4 32. Qxc4 Qg5+ 1/2-1/2

[Event "Leitersdorf Region-ch"]
[Site "Leitersdorf"]
[Date "2014.01.04"]
[Round "3"]
[White "Missethan, Michael"]
[Black "Dimitriadis, Michael"]
[Result "1-0"]
[WhiteElo "1981"]
[BlackElo "2098"]
[PlyCount "69"]
[EventDate "2014.01.02"]
[EventType "swiss"]
[EventRounds "5"]
[EventCountry "AUT"]
[SourceTitle "CBM 158 Extra"]
[Source "ChessBase"]
[SourceDate "2014.02.28"]
[SourceVersion "1"]
[SourceVersionDate "2014.02.28"]
[SourceQuality "1"]

1. e4 e5 2. Nf3 Nc6 3. Nc3 Nf6 4. d4 exd4 5. Nxd4 Bc5 6. Nxc6 bxc6 7. Bd3 d5 8. exd5 cxd5 9. 0-0 0-0 10. Bg5 Bb7 11. Qf3 Be7 12. Rfe1 Re8 13. Bxf6 Bxf6 14. Rxe8+ Qxe8 15. Qf5 Qc6 16. Qxh7+ Kf8 17. Qh8+ Ke7 18. Re1+ Kd6 19. Qh3 a6 20. Qe3 Qc5 21. Qf4+ Kd7 22. Bf5+ Kd8 23. Qf3 c6 24. Qf4 Bxc3 25. bxc3 g6 26. Bh3 f5 27. Qg5+ Kc7 28. Qxg6 Qxc3 29. Qf7+ Kb6 30. Rb1+ Kc5 31. Qxb7 Re8 32. g3 f4 33. Qb6+ Kd6 34. Qb4+ Qxb4 35. Rxb4 1-0

[Event "Steyr Landesliga 1314"]
[Site "Austria"]
[Date "2013.11.09"]
[Round "3.6"]
[White "Nuster, Erwin"]
[Black "Missethan, Michael"]
[Result "1/2-1/2"]
[WhiteElo "2164"]
[BlackElo "1971"]
[PlyCount "38"]
[EventDate "2013.09.28"]
[EventType "team-tourn"]
[EventRounds "11"]
[EventCountry "AUT"]
[SourceTitle "EXT 2015"]
[Source "ChessBase"]
[SourceDate "2014.11.20"]
[SourceVersion "1"]
[SourceVersionDate "2014.11.20"]
[SourceQuality "1"]
[WhiteTeam "Feldbach Kirchberg"]
[BlackTeam "Gleisdorf"]
[WhiteTeamCountry "AUT"]
[BlackTeamCountry "AUT"]

1. c4 e6 2. g3 d5 3. Bg2 Nf6 4. Nf3 Be7 5. 0-0 0-0 6. b3 b6 7. Bb2 Bb7 8. d4 Nbd7 9. Nc3 c5 10. cxd5 Nxd5 11. Nxd5 Bxd5 12. Qd3 cxd4 13. Bxd4 Bf6 14. Rad1 Bxd4 15. Qxd4 Nf6 16. Qe5 Qe7 17. Rd4 Rfd8 18. Rfd1 Rac8 19. h3 h6 1/2-1/2